[Event "Benidorm 2010 - Sub-2300"]
[Site "Benidorm ESP"]
[Date "2010.12.06"]
[Round "4.38"]
[White "Aledo Lopez, Angel"]
[Black "Stoeckmann, Helmut"]
[Result "1/2-1/2"]
[WhiteElo "2051"]
[BlackElo "2174"]
[PlyCount "49"]
[EventDate "2010.12.03"]
[EventType "tourn"]
[EventRounds "10"]
[EventCountry "ESP"]
[Source "lmi"]
[SourceDate "2010.12.03"]

1. e4 c5 2. c3 Nf6 3. e5 Nd5 4. d4 cxd4 5. cxd4 d6 6. Nf3 Nc6 7. exd6 e6 8. Nc3
Bxd6 9. Nxd5 exd5 10. Be2 O-O 11. O-O Bf5 12. Be3 Qb6 13. Bd3 Bxd3 14. Qxd3
Rac8 15. a3 a5 16. Qf5 Ne7 17. Qh5 f6 18. Qg4 Bb8 19. Rac1 Qd6 20. Rxc8 Rxc8
21. Bh6 g6 22. Re1 Rc6 23. g3 Qd8 24. h4 Nf5 25. Bf4 1/2-1/2

[Event "Benidorm 2010 - Sub-2300"]
[Site "Benidorm ESP"]
[Date "2010.12.06"]
[Round "5.1"]
[White "Orndahl, Markus"]
[Black "Griezne, Edvins"]
[Result "0-1"]
[WhiteElo "2213"]
[BlackElo "2012"]
[PlyCount "50"]
[EventDate "2010.12.03"]
[EventType "tourn"]
[EventRounds "10"]
[EventCountry "ESP"]
[Source "lmi"]
[SourceDate "2010.12.03"]

1. e4 e6 2. d4 d5 3. Nc3 Nf6 4. exd5 exd5 5. Bd3 c6 6. Bg5 h6 7. Bh4 Bd6 8.
Nge2 O-O 9. Qd2 Re8 10. O-O-O Nbd7 11. f3 b5 12. g4 Nb6 13. Ng3 b4 14. Nce2 Nc4
15. Bxc4 dxc4 16. Nh5 c3 17. Nxc3 bxc3 18. Qxc3 Be7 19. Bxf6 Bxf6 20. Qxc6 Bg5+
21. Kb1 Bd7 22. Qd6 Rc8 23. Rde1 Be3 24. Re2 Bb5 25. Qxd8 Rcxd8 0-1

[Event "Benidorm 2010 - Sub-2300"]
[Site "Benidorm ESP"]
[Date "2010.12.06"]
[Round "5.2"]
[White "Moreno Gracia, Daniel"]
[Black "Ladron De Guevara Pinto, Paolo"]
[Result "1/2-1/2"]
[WhiteElo "2283"]
[BlackElo "2232"]
[PlyCount "40"]
[EventDate "2010.12.03"]
[EventType "tourn"]
[EventRounds "10"]
[EventCountry "ESP"]
[Source "lmi"]
[SourceDate "2010.12.03"]

1. d4 Nf6 2. c4 c5 3. d5 e6 4. Nc3 exd5 5. cxd5 d6 6. e4 g6 7. h3 Bg7 8. Nf3 a6
9. a4 Nbd7 10. Bd3 Nh5 11. O-O Ne5 12. Be2 Nxf3+ 13. Bxf3 Qh4 14. Bg4 Bxg4 15.
Qxg4 Qxg4 16. hxg4 Nf6 17. f3 Nd7 18. Bf4 Be5 19. Bxe5 Nxe5 20. a5 h6 1/2-1/2

[Event "Benidorm 2010 - Sub-2300"]
[Site "Benidorm ESP"]
[Date "2010.12.06"]
[Round "5.3"]
[White "Perez Gonzalez, Jose Manuel"]
[Black "Lara Lopez, Jose"]
[Result "1/2-1/2"]
[WhiteElo "2281"]
[BlackElo "2222"]
[PlyCount "29"]
[EventDate "2010.12.03"]
[EventType "tourn"]
[EventRounds "10"]
[EventCountry "ESP"]
[Source "lmi"]
[SourceDate "2010.12.03"]

1. e4 e6 2. d4 d5 3. Nc3 dxe4 4. Nxe4 Nf6 5. Nxf6+ Qxf6 6. Nf3 h6 7. Bd3 Bd6 8.
c3 Bd7 9. Qe2 Bc6 10. Be4 Bxe4 11. Qxe4 c6 12. O-O Nd7 13. Re1 O-O-O 14. Ne5
Bc7 15. Nxd7 1/2-1/2

[Event "Benidorm 2010 - Sub-2300"]
[Site "Benidorm ESP"]
[Date "2010.12.06"]
[Round "5.4"]
[White "Prieto Aranguren, Alain"]
[Black "Alcaraz Ortega, Javier"]
[Result "0-1"]
[WhiteElo "2179"]
[BlackElo "2274"]
[PlyCount "92"]
[EventDate "2010.12.03"]
[EventType "tourn"]
[EventRounds "10"]
[EventCountry "ESP"]
[Source "lmi"]
[SourceDate "2010.12.03"]

1. e4 g6 2. d4 Bg7 3. c4 d6 4. Nc3 Nc6 5. Be3 e5 6. d5 Nce7 7. g4 f5 8. gxf5
gxf5 9. Qh5+ Ng6 10. exf5 Qh4 11. Qf3 N6e7 12. Bd3 Nh6 13. Nb5 Kd8 14. Nh3 Bf6
15. Rg1 Nhxf5 16. Rg5 Nxe3 17. Qxf6 Re8 18. Nxd6 cxd6 19. Qxd6+ Bd7 20. Rxe5
Ng4 21. Ng5 Qxg5 22. Qxd7+ Kxd7 23. Rxg5 Ng6+ 24. Kd2 N4e5 25. Bf5+ Kd6 26. Kc3
Rf8 27. Rh5 Rf6 28. Be6 Rf3+ 29. Kb4 Nd3+ 30. Kb5 Rxf2 31. b4 Rb2 32. a3 a5 33.
Rxh7 axb4 34. Rd7+ Ke5 35. a4 b3 36. Rxb7 Ra2 37. Rb1 b2 38. Kc6 R2xa4 39. Bf7
Rxc4+ 40. Kb5 Rb4+ 41. Kc6 Rxb7 42. Bxg6 Ra1 43. Bxd3 Rxb1 44. Bxb1 Ra7 45. Bd3
Ra3 46. Bb1 Rc3+ 0-1

[Event "Benidorm 2010 - Sub-2300"]
[Site "Benidorm ESP"]
[Date "2010.12.06"]
[Round "5.5"]
[White "Recuero Guerra, Javier"]
[Black "Ballesteros Gonzalez, David"]
[Result "1-0"]
[WhiteElo "2287"]
[BlackElo "2211"]
[PlyCount "59"]
[EventDate "2010.12.03"]
[EventType "tourn"]
[EventRounds "10"]
[EventCountry "ESP"]
[Source "lmi"]
[SourceDate "2010.12.03"]

1. e4 c5 2. Nf3 d6 3. d4 cxd4 4. Nxd4 Nf6 5. Nc3 a6 6. Be3 e5 7. Nf3 h6 8. Bc4
Be7 9. Qe2 O-O 10. O-O-O Qc7 11. Bb3 Be6 12. Kb1 b5 13. Rhe1 Nc6 14. Nh4 b4 15.
Nd5 Bxd5 16. exd5 Na5 17. Nf5 Kh7 18. Ba4 Rab8 19. Bc1 Ng8 20. f4 f6 21. Qg4
Rf7 22. Nh4 g5 23. Qf5+ Kg7 24. Qg6+ Kf8 25. Nf5 gxf4 26. g3 f3 27. Re4 h5 28.
Qxh5 Rb5 29. Bxb5 axb5 30. Rg4 1-0

[Event "Benidorm 2010 - Sub-2300"]
[Site "Benidorm ESP"]
[Date "2010.12.06"]
[Round "5.6"]
[White "Amdouni, Zoubaier"]
[Black "Madina Yadarola, Martin"]
[Result "0-1"]
[WhiteElo "2233"]
[BlackElo "2289"]
[PlyCount "105"]
[EventDate "2010.12.03"]
[EventType "tourn"]
[EventRounds "10"]
[EventCountry "ESP"]
[Source "lmi"]
[SourceDate "2010.12.03"]

1. e4 e5 2. Nf3 Qe7 3. d4 d6 4. Nc3 c6 5. Bg5 Nf6 6. a4 h6 7. Bh4 Bg4 8. Be2
Nbd7 9. Qd2 g5 10. Bg3 Bxf3 11. gxf3 Nh5 12. d5 Nf4 13. dxc6 bxc6 14. Bxf4 exf4
15. O-O-O Qe5 16. h4 Be7 17. Bc4 Rb8 18. hxg5 hxg5 19. Rxh8+ Qxh8 20. Qe2 Qe5
21. Bb3 Qc5 22. Rh1 Ne5 23. Rh8+ Bf8 24. Rg8 Ng6 25. Qf1 Ne7 26. Rh8 Ng6 27.
Rg8 Ne7 28. Rh8 Ng6 29. Rh7 Ne5 30. Qh3 Rxb3 31. cxb3 Qxf2 32. Nd1 Qxf3 33.
Qxf3 Nxf3 34. Nf2 Ne5 35. Kd2 g4 36. Nd3 Ng6 37. Rh1 Be7 38. Rg1 g3 39. Ke2 d5
40. exd5 cxd5 41. Rd1 Kd7 42. Ne1 Ke6 43. Nf3 Bc5 44. Kf1 f6 45. Kg2 Ne5 46.
Nd4+ Bxd4 47. Rxd4 Ng6 48. Rd1 Nh4+ 49. Kf1 f3 50. b4 Ke5 51. b5 Nf5 52. Rc1
Ne3+ 53. Kg1 0-1

[Event "Benidorm 2010 - Sub-2300"]
[Site "Benidorm ESP"]
[Date "2010.12.06"]
[Round "5.7"]
[White "Serra Pages, Jordi"]
[Black "Martinez Rodriguez, Pablo"]
[Result "1/2-1/2"]
[WhiteElo "2231"]
[BlackElo "2286"]
[PlyCount "63"]
[EventDate "2010.12.03"]
[EventType "tourn"]
[EventRounds "10"]
[EventCountry "ESP"]
[Source "lmi"]
[SourceDate "2010.12.03"]

1. d4 Nf6 2. c4 e6 3. Nf3 d5 4. Nc3 Bb4 5. e3 O-O 6. Bd2 c5 7. a3 Bxc3 8. Bxc3
Ne4 9. Rc1 Nxc3 10. Rxc3 cxd4 11. Nxd4 dxc4 12. Bxc4 e5 13. Nb5 Qxd1+ 14. Kxd1
Nc6 15. Kc1 Rd8 16. Bd5 Ne7 17. Bf3 a6 18. Rc7 Nd5 19. Bxd5 Rxd5 20. Nc3 Rd8
21. Re7 f6 22. Rd1 Rxd1+ 23. Nxd1 Kf8 24. Rc7 Be6 25. Nc3 b5 26. g3 Bc4 27. Kc2
Rd8 28. b3 Bd3+ 29. Kd2 Bc4+ 30. Kc2 Bd3+ 31. Kd2 Bc4+ 32. Kc2 1/2-1/2

[Event "Benidorm 2010 - Sub-2300"]
[Site "Benidorm ESP"]
[Date "2010.12.06"]
[Round "5.8"]
[White "Ortega Serra, Marc"]
[Black "Torres Ventosa, Pedro Eugenio"]
[Result "1-0"]
[WhiteElo "2213"]
[BlackElo "2277"]
[PlyCount "105"]
[EventDate "2010.12.03"]
[EventType "tourn"]
[EventRounds "10"]
[EventCountry "ESP"]
[Source "lmi"]
[SourceDate "2010.12.03"]

1. d4 Nf6 2. c4 g6 3. Nc3 d5 4. Bf4 Bg7 5. Nf3 O-O 6. e3 c5 7. dxc5 Qa5 8. Rc1
dxc4 9. Bxc4 Qxc5 10. Qd4 Qxd4 11. exd4 a6 12. Nd5 Nxd5 13. Bxd5 e6 14. Be4 f5
15. Bc2 Nc6 16. Be5 Bh6 17. Rd1 Nb4 18. Bb3 Nd5 19. O-O b5 20. Ne1 a5 21. a3 a4
22. Ba2 b4 23. Bxd5 exd5 24. axb4 Ba6 25. Nd3 Rfc8 26. f4 Bf8 27. h4 Bxd3 28.
Rxd3 Bxb4 29. h5 Rc2 30. hxg6 hxg6 31. Rh3 Rac8 32. Rh8+ Kf7 33. Rh7+ Ke6 34.
Ra7 Rxb2 35. Rxa4 Rcc2 36. Ra6+ Kf7 37. Rf6+ Kg7 38. Rxf5+ Kh6 39. Rg5 Be7 40.
Rf3 Kh7 41. Rh3+ Kg8 42. Rxg6+ Kf7 43. Rg7+ Ke6 44. Rh8 Rb1+ 45. Kh2 Rcc1 46.
f5+ Kd7 47. Rhh7 Rh1+ 48. Kg3 Rb3+ 49. Kf4 Rxh7 50. Rxh7 Ke8 51. f6 Bf8 52. Kf5
Rb1 53. Rh8 1-0

[Event "Benidorm 2010 - Sub-2300"]
[Site "Benidorm ESP"]
[Date "2010.12.06"]
[Round "5.9"]
[White "Pribeanu, Mihail-Dacian"]
[Black "Villuendas Valero, Adrian"]
[Result "1/2-1/2"]
[WhiteElo "2210"]
[BlackElo "2269"]
[PlyCount "47"]
[EventDate "2010.12.03"]
[EventType "tourn"]
[EventRounds "10"]
[EventCountry "ESP"]
[Source "lmi"]
[SourceDate "2010.12.03"]

1. Nf3 d5 2. g3 c6 3. Bg2 Nf6 4. O-O Bf5 5. d3 e6 6. Nbd2 h6 7. b3 Be7 8. Bb2
O-O 9. Ne5 Nbd7 10. e4 Bh7 11. Nxd7 Nxd7 12. e5 a5 13. a4 b5 14. f4 bxa4 15.
Rxa4 Nb6 16. Ra2 a4 17. g4 axb3 18. Rxa8 Qxa8 19. Nxb3 c5 20. f5 Bg5 21. Bc1
Nd7 22. fxe6 fxe6 23. Kh1 Qb8 24. d4 1/2-1/2

[Event "Benidorm 2010 - Sub-2300"]
[Site "Benidorm ESP"]
[Date "2010.12.06"]
[Round "5.10"]
[White "Suarez Roa, Jose Francisco"]
[Black "Renteria, Jorge"]
[Result "0-1"]
[WhiteElo "2209"]
[BlackElo "2262"]
[PlyCount "71"]
[EventDate "2010.12.03"]
[EventType "tourn"]
[EventRounds "10"]
[EventCountry "ESP"]
[Source "lmi"]
[SourceDate "2010.12.03"]

1. e4 c5 2. d4 cxd4 3. Nf3 d6 4. Nxd4 Nf6 5. f3 a6 6. c4 e6 7. Be3 Be7 8. Nc3
O-O 9. Be2 Qc7 10. Rc1 Nbd7 11. O-O b6 12. Qd2 Bb7 13. Rfd1 Rac8 14. Qe1 Qb8
15. Kh1 Rfe8 16. Qf1 Bf8 17. Qf2 g6 18. Qg3 Qa8 19. Qh4 Bg7 20. Bg5 h5 21. Re1
Qb8 22. Rcd1 Nh7 23. Be3 Ne5 24. Nb3 Nxc4 25. Bxc4 Rxc4 26. Qf2 Bxc3 27. bxc3
d5 28. exd5 Bxd5 29. Bd4 b5 30. Qe3 Qd6 31. Nc5 e5 32. Nd3 f6 33. Qh6 Bf7 34.
Nb2 Rcc8 35. Bf2 Qf8 36. Qe3 0-1

[Event "Benidorm 2010 - Sub-2300"]
[Site "Benidorm ESP"]
[Date "2010.12.06"]
[Round "5.11"]
[White "Voiteanu, Gabriel"]
[Black "Sadilek, Peter"]
[Result "1-0"]
[WhiteElo "2262"]
[BlackElo "2202"]
[PlyCount "37"]
[EventDate "2010.12.03"]
[EventType "tourn"]
[EventRounds "10"]
[EventCountry "ESP"]
[Source "lmi"]
[SourceDate "2010.12.03"]

1. d4 Nf6 2. c4 e6 3. Nf3 Nc6 4. d5 exd5 5. cxd5 Bb4+ 6. Nc3 Ne7 7. e4 Nxe4 8.
Qd4 Nxc3 9. bxc3 Ba5 10. Qxg7 Rg8 11. Qd4 Nf5 12. Qd3 Nh4 13. Bd2 Qe7+ 14. Kd1
Nxf3 15. Qxh7 Rf8 16. gxf3 d6 17. Bb5+ Kd8 18. Re1 Qf6 19. Qh5 1-0

[Event "Benidorm 2010 - Sub-2300"]
[Site "Benidorm ESP"]
[Date "2010.12.06"]
[Round "5.12"]
[White "Sanchez Barbado, Carlos"]
[Black "Nava Pereda, Carlos"]
[Result "1/2-1/2"]
[WhiteElo "2207"]
[BlackElo "2258"]
[PlyCount "56"]
[EventDate "2010.12.03"]
[EventType "tourn"]
[EventRounds "10"]
[EventCountry "ESP"]
[Source "lmi"]
[SourceDate "2010.12.03"]

1. e4 c5 2. Nc3 Nc6 3. g3 g6 4. Bg2 Bg7 5. d3 d6 6. f4 e6 7. Nf3 Nge7 8. O-O
O-O 9. Be3 b6 10. Qd2 d5 11. Nd1 dxe4 12. dxe4 Qxd2 13. Bxd2 Ba6 14. Re1 Rad8
15. c3 Rd7 16. Nf2 Rfd8 17. Rad1 Bc4 18. b3 Ba6 19. e5 Nd5 20. a3 c4 21. b4 Bb7
22. Ne4 Bf8 23. a4 a6 24. b5 axb5 25. axb5 Na5 26. Be3 Be7 27. Bf2 Kg7 28. Bf1
h6 1/2-1/2

[Event "Benidorm 2010 - Sub-2300"]
[Site "Benidorm ESP"]
[Date "2010.12.06"]
[Round "5.13"]
[White "Carbonell Bofill, Carlos Eloy"]
[Black "Mirete Bernabe, Marco Antonio"]
[Result "1/2-1/2"]
[WhiteElo "2256"]
[BlackElo "2202"]
[PlyCount "45"]
[EventDate "2010.12.03"]
[EventType "tourn"]
[EventRounds "10"]
[EventCountry "ESP"]
[Source "lmi"]
[SourceDate "2010.12.03"]

1. e4 e6 2. Nc3 d5 3. d4 dxe4 4. Nxe4 Nd7 5. Bd3 Be7 6. Qg4 g6 7. Qg3 Ngf6 8.
c3 e5 9. Bh6 Nxe4 10. Bxe4 Bh4 11. Qe3 exd4 12. cxd4 Qe7 13. Nf3 Nf6 14. Bc6+
bxc6 15. Qxe7+ Kxe7 16. Nxh4 Nd5 17. Bc1 f6 18. b3 Kf7 19. Kd2 a5 20. Ba3 Re8
21. Bc5 a4 22. g3 Ba6 23. Rhe1 1/2-1/2

[Event "Benidorm 2010 - Sub-2300"]
[Site "Benidorm ESP"]
[Date "2010.12.06"]
[Round "5.14"]
[White "Diaz Nunez, Adolfo"]
[Black "Molvig, Henrik"]
[Result "1/2-1/2"]
[WhiteElo "2248"]
[BlackElo "2178"]
[PlyCount "50"]
[EventDate "2010.12.03"]
[EventType "tourn"]
[EventRounds "10"]
[EventCountry "ESP"]
[Source "lmi"]
[SourceDate "2010.12.03"]

1. Nf3 Nf6 2. c4 g6 3. d4 Bg7 4. Nc3 O-O 5. Bg5 d6 6. e3 c6 7. Be2 a6 8. O-O b5
9. b4 a5 10. a3 bxc4 11. Bxc4 Nbd7 12. Qc2 Nb6 13. Be2 Be6 14. Rfe1 Qb8 15.
Bxf6 exf6 16. Nd2 Rc8 17. Nb3 axb4 18. axb4 Rxa1 19. Rxa1 Nd7 20. Ra4 Nb6 21.
Ra6 Nd5 22. Nxd5 Bxd5 23. Ra4 f5 24. Na5 Qb6 25. Nb3 Re8 1/2-1/2

[Event "Benidorm 2010 - Sub-2300"]
[Site "Benidorm ESP"]
[Date "2010.12.06"]
[Round "5.15"]
[White "Turcu, Iulian"]
[Black "Cruz Lledo, Pablo"]
[Result "1/2-1/2"]
[WhiteElo "2177"]
[BlackElo "2010"]
[PlyCount "170"]
[EventDate "2010.12.03"]
[EventType "tourn"]
[EventRounds "10"]
[EventCountry "ESP"]
[Source "lmi"]
[SourceDate "2010.12.03"]

1. d4 d5 2. c4 c6 3. Nf3 Nf6 4. e3 g6 5. Nc3 Bg7 6. Be2 O-O 7. O-O b6 8. Qb3
Ba6 9. Re1 e6 10. a4 Nbd7 11. cxd5 Bxe2 12. Rxe2 Nxd5 13. Nxd5 exd5 14. Rc2 Rc8
15. Bd2 Qf6 16. Rac1 Qd6 17. Bb4 c5 18. Ba3 Rfd8 19. Qb5 Bf8 20. Ne1 Qb8 21.
Nd3 c4 22. Nb4 Bxb4 23. Bxb4 Qb7 24. Be7 Re8 25. Bh4 a6 26. Qb4 b5 27. h3 Qc6
28. Ra1 Ra8 29. Rc3 Reb8 30. a5 Re8 31. Qa3 Qe6 32. Bg3 Nf6 33. f3 Nh5 34. Be5
f6 35. Bh2 Ng7 36. Kf2 Nf5 37. g4 Ne7 38. Qd6 Nc6 39. b4 Rad8 40. Qxe6+ Rxe6
41. Rb1 Rd7 42. Bf4 h5 43. g5 Rf7 44. h4 Ne7 45. gxf6 Rexf6 46. Rh1 Rf8 47. Rh3
Nc6 48. Be5 Re6 49. f4 Nxb4 50. Ke2 Nc6 51. Rc1 Nxa5 52. e4 Nb3 53. Rg1 Nxd4+
54. Bxd4 Rxe4+ 55. Re3 Rxd4 56. Rxg6+ Kh7 57. Rg5 Re4 58. Rxh5+ Kg6 59. Rxd5
Rfxf4 60. Rd6+ Kh5 61. Rxa6 Rxh4 62. Rb6 Rh2+ 63. Kf3 Rxe3+ 64. Kxe3 Rb2 65.
Kd4 Kg5 66. Re6 Kf5 67. Re8 Rd2+ 68. Kc5 Rb2 69. Kd4 Rb3 70. Re5+ Kf4 71. Re8
Kf3 72. Re7 Rd3+ 73. Kc5 c3 74. Kb4 c2 75. Rc7 Rd4+ 76. Kb3 Ke4 77. Rxc2 Kd5
78. Rc3 Rg4 79. Rh3 Kc5 80. Rf3 Rb4+ 81. Kc3 Rb1 82. Kc2 Re1 83. Kc3 Re5 84.
Kb3 Re4 85. Kc3 Re1 1/2-1/2

[Event "Benidorm 2010 - Sub-2300"]
[Site "Benidorm ESP"]
[Date "2010.12.06"]
[Round "5.20"]
[White "Grigoriev, Ivan"]
[Black "Garcia Trobat, Francisco"]
[Result "1/2-1/2"]
[WhiteElo "2159"]
[BlackElo "2291"]
[PlyCount "26"]
[EventDate "2010.12.03"]
[EventType "tourn"]
[EventRounds "10"]
[EventCountry "ESP"]
[Source "lmi"]
[SourceDate "2010.12.03"]

1. g3 d5 2. c4 c6 3. Bg2 Nf6 4. Nf3 e6 5. O-O Be7 6. b3 O-O 7. Bb2 Nbd7 8. d3
b6 9. Nbd2 Bb7 10. Rc1 Re8 11. Rc2 c5 12. e3 a5 13. a4 Bd6 1/2-1/2

[Event "Benidorm 2010 - Sub-2300"]
[Site "Benidorm ESP"]
[Date "2010.12.06"]
[Round "5.23"]
[White "Barzanu, Iulian"]
[Black "Garcia Amoros, Pablo"]
[Result "1/2-1/2"]
[WhiteElo "2242"]
[BlackElo "2168"]
[PlyCount "47"]
[EventDate "2010.12.03"]
[EventType "tourn"]
[EventRounds "10"]
[EventCountry "ESP"]
[Source "lmi"]
[SourceDate "2010.12.03"]

1. e4 e6 2. d3 d5 3. Nd2 c5 4. Ngf3 Nc6 5. g3 g6 6. Bg2 Bg7 7. O-O Nge7 8. Re1
O-O 9. c3 d4 10. cxd4 Nxd4 11. Nxd4 Bxd4 12. Nb3 Nc6 13. Nxd4 Nxd4 14. Bh6 Re8
15. e5 Bd7 16. Rc1 b6 17. Qg4 f6 18. exf6 Qxf6 19. Bxa8 Rxa8 20. Re4 Nf5 21.
Bf4 Qxb2 22. Re2 Qd4 23. Qf3 Re8 24. Be5 1/2-1/2

[Event "Benidorm 2010 - Sub-2300"]
[Site "Benidorm ESP"]
[Date "2010.12.06"]
[Round "5.25"]
[White "Muelas Cerezuela, Jose"]
[Black "Hristodorescu, Daniel"]
[Result "1-0"]
[WhiteElo "2105"]
[BlackElo "2057"]
[PlyCount "63"]
[EventDate "2010.12.03"]
[EventType "tourn"]
[EventRounds "10"]
[EventCountry "ESP"]
[Source "lmi"]
[SourceDate "2010.12.03"]

1. e4 c6 2. d4 d5 3. exd5 cxd5 4. c4 Nf6 5. Nc3 g6 6. Nf3 Bg7 7. Qb3 dxc4 8.
Bxc4 O-O 9. Ne5 e6 10. Be3 Nc6 11. Nxc6 bxc6 12. h3 Nd5 13. Nxd5 cxd5 14. Be2
Ba6 15. Qa4 Bxe2 16. Kxe2 Rb8 17. Rab1 Qe7 18. Rhc1 Rb4 19. Qd1 Qb7 20. Qd2 Rb8
21. b3 e5 22. Kf1 exd4 23. Bf4 Re8 24. Rc7 Qa6+ 25. Kg1 Rb6 26. Re1 Rxe1+ 27.
Qxe1 Re6 28. Qc1 h6 29. Qc5 g5 30. Rxa7 Re1+ 31. Kh2 Qf1 32. Qc8+ 1-0

[Event "Benidorm 2010 - Sub-2300"]
[Site "Benidorm ESP"]
[Date "2010.12.06"]
[Round "5.28"]
[White "Perez Aleman, Pedro Tomas"]
[Black "Exposito Amaro, Josue"]
[Result "0-1"]
[WhiteElo "2084"]
[BlackElo "2226"]
[PlyCount "74"]
[EventDate "2010.12.03"]
[EventType "tourn"]
[EventRounds "10"]
[EventCountry "ESP"]
[Source "lmi"]
[SourceDate "2010.12.03"]

1. e4 c5 2. Nf3 Nc6 3. d4 cxd4 4. Nxd4 e5 5. Nb5 d6 6. c4 Be7 7. N1c3 a6 8. Na3
f5 9. exf5 Bxf5 10. Bd3 Be6 11. O-O Nf6 12. Nc2 O-O 13. Ne3 Rc8 14. Bf5 Bxf5
15. Nxf5 Qd7 16. Nxe7+ Nxe7 17. Na4 Qe6 18. b3 b5 19. Nb2 Nf5 20. Qd3 e4 21.
Qh3 Qe5 22. Rb1 d5 23. cxd5 Nxd5 24. Nd1 Rxc1 25. Rxc1 Nf4 26. Qg4 Nh6 27. Qc8
Rxc8 28. Rxc8+ Kf7 29. Ne3 Nf5 30. b4 Nd3 31. a3 h5 32. Rc6 Nd4 33. Rxa6 Qf4
34. Ra7+ Kg8 35. Nd1 Qd2 36. Rd7 Ne2+ 37. Kh1 Qxd1 0-1

[Event "Benidorm 2010 - Sub-2300"]
[Site "Benidorm ESP"]
[Date "2010.12.06"]
[Round "5.30"]
[White "Martin Martin, Luis Vicente"]
[Black "Del Valle Cirera, Adria"]
[Result "0-1"]
[WhiteElo "2058"]
[BlackElo "2224"]
[PlyCount "36"]
[EventDate "2010.12.03"]
[EventType "tourn"]
[EventRounds "10"]
[EventCountry "ESP"]
[Source "lmi"]
[SourceDate "2010.12.03"]

1. e4 c5 2. Nf3 d6 3. d4 cxd4 4. Qxd4 a6 5. c4 Nc6 6. Qd2 Nf6 7. Nc3 g6 8. b3
Bg7 9. Bb2 O-O 10. Be2 Rb8 11. O-O Bg4 12. a3 Nd7 13. b4 Bxf3 14. Bxf3 Nd4 15.
Bd1 Ne5 16. Ra2 Nxc4 17. Qd3 Nxb2 18. Rxb2 Nb5 0-1

[Event "Benidorm 2010 - Sub-2300"]
[Site "Benidorm ESP"]
[Date "2010.12.07"]
[Round "6.1"]
[White "Griezne, Edvins"]
[Black "Alcaraz Ortega, Javier"]
[Result "1-0"]
[WhiteElo "2012"]
[BlackElo "2274"]
[PlyCount "47"]
[EventDate "2010.12.03"]
[EventType "tourn"]
[EventRounds "10"]
[EventCountry "ESP"]
[Source "lmi"]
[SourceDate "2010.12.03"]

1. d4 g6 2. c4 Bg7 3. Nc3 d6 4. e4 Nc6 5. Nf3 Bg4 6. Be3 Bxf3 7. gxf3 e5 8.
dxe5 Nxe5 9. Be2 Nf6 10. Qb3 b6 11. O-O-O Ned7 12. Qc2 O-O 13. Kb1 Qe8 14. f4
a6 15. h4 h5 16. f5 Kh7 17. Rhg1 Rg8 18. Nd5 Rc8 19. fxg6+ fxg6 20. Rxg6 Qxg6
21. Nf4 Ne5 22. Nxg6 Nxg6 23. e5 dxe5 24. Qf5 1-0

[Event "Benidorm 2010 - Sub-2300"]
[Site "Benidorm ESP"]
[Date "2010.12.07"]
[Round "6.2"]
[White "Madina Yadarola, Martin"]
[Black "Ortega Serra, Marc"]
[Result "1/2-1/2"]
[WhiteElo "2289"]
[BlackElo "2213"]
[PlyCount "55"]
[EventDate "2010.12.03"]
[EventType "tourn"]
[EventRounds "10"]
[EventCountry "ESP"]
[Source "lmi"]
[SourceDate "2010.12.03"]

1. Nf3 d5 2. c4 e6 3. g3 Nf6 4. Bg2 c5 5. O-O d4 6. e3 Nc6 7. exd4 cxd4 8. d3
Bd6 9. Bg5 O-O 10. Nbd2 h6 11. Bxf6 Qxf6 12. Ne4 Qd8 13. Nxd6 Qxd6 14. a3 a5
15. Nd2 f5 16. f4 e5 17. Bd5+ Be6 18. Bxc6 bxc6 19. Qf3 exf4 20. gxf4 Rab8 21.
b3 c5 22. Rab1 Rf6 23. Rfe1 Kh7 24. Re5 Rg6+ 25. Kf1 Bc8 26. Qd5 Qf6 27. Qxc5
Qh4 28. Qxd4 1/2-1/2

[Event "Benidorm 2010 - Sub-2300"]
[Site "Benidorm ESP"]
[Date "2010.12.07"]
[Round "6.3"]
[White "Pruja Ramirez De Cartagena, Mar"]
[Black "Recuero Guerra, Javier"]
[Result "0-1"]
[WhiteElo "2239"]
[BlackElo "2287"]
[PlyCount "68"]
[EventDate "2010.12.03"]
[EventType "tourn"]
[EventRounds "10"]
[EventCountry "ESP"]
[Source "lmi"]
[SourceDate "2010.12.03"]

1. e4 d6 2. d4 Nf6 3. Nc3 e5 4. Nge2 exd4 5. Nxd4 Be7 6. g3 O-O 7. Bg2 Re8 8.
O-O Bf8 9. h3 Nbd7 10. g4 Nc5 11. Re1 a5 12. b3 c6 13. a4 Nfd7 14. f4 g6 15.
Nde2 Qc7 16. Be3 d5 17. Ng3 Bg7 18. e5 f6 19. exf6 Bxf6 20. Qd2 Ne6 21. Nge2
Ndf8 22. f5 gxf5 23. gxf5 Ng7 24. Bf4 Qb6+ 25. Kh1 Bxf5 26. Rg1 Bg6 27. Bg5
Bxg5 28. Qxg5 Qe3 29. Qg4 Rad8 30. Rad1 Kh8 31. Rde1 Bf5 32. Qd4 Bxh3 33. Qf6
Ng6 34. Kh2 Bf5 0-1

[Event "Benidorm 2010 - Sub-2300"]
[Site "Benidorm ESP"]
[Date "2010.12.07"]
[Round "6.4"]
[White "Arata Roberto, Mario"]
[Black "Moreno Gracia, Daniel"]
[Result "1-0"]
[WhiteElo "2237"]
[BlackElo "2283"]
[PlyCount "63"]
[EventDate "2010.12.03"]
[EventType "tourn"]
[EventRounds "10"]
[EventCountry "ESP"]
[Source "lmi"]
[SourceDate "2010.12.03"]

1. d4 d5 2. c4 e6 3. Nc3 c6 4. Nf3 Nf6 5. Qb3 dxc4 6. Qxc4 b5 7. Qd3 Be7 8. g3
Nbd7 9. Bg2 O-O 10. O-O Bb7 11. Nd2 Qb6 12. Nb3 a5 13. a4 b4 14. Ne4 Ba6 15.
Qc2 Rac8 16. Bg5 c5 17. Bxf6 cxd4 18. Qxc8 Rxc8 19. Bxe7 Bxe2 20. Rfc1 Rxc1+
21. Rxc1 h6 22. Rc6 Qa7 23. Rc8+ Kh7 24. Bd8 Ne5 25. Ra8 Qd7 26. Nbc5 Qe8 27.
Nf6+ gxf6 28. Bxf6 Qxa8 29. Bxa8 d3 30. Be4+ Kg8 31. Bxe5 d2 32. Bc2 1-0

[Event "Benidorm 2010 - Sub-2300"]
[Site "Benidorm ESP"]
[Date "2010.12.07"]
[Round "6.5"]
[White "Ladron De Guevara Pinto, Paolo"]
[Black "Perez Gonzalez, Jose Manuel"]
[Result "1/2-1/2"]
[WhiteElo "2232"]
[BlackElo "2281"]
[PlyCount "51"]
[EventDate "2010.12.03"]
[EventType "tourn"]
[EventRounds "10"]
[EventCountry "ESP"]
[Source "lmi"]
[SourceDate "2010.12.03"]

1. e4 c5 2. Nf3 d6 3. d4 cxd4 4. Nxd4 Nf6 5. Nc3 a6 6. Bc4 e6 7. O-O b5 8. Bb3
Be7 9. f4 Bb7 10. Be3 b4 11. Na4 Bxe4 12. f5 e5 13. Nf3 Bxf3 14. Qxf3 Nbd7 15.
g4 h6 16. h4 e4 17. Qe2 Ne5 18. g5 hxg5 19. hxg5 Nfd7 20. g6 Bg5 21. Bd4 Bf4
22. Qxe4 Qg5+ 23. Qg2 Bh2+ 24. Kh1 Bg3+ 25. Kg1 Bh2+ 26. Kh1 1/2-1/2

[Event "Benidorm 2010 - Sub-2300"]
[Site "Benidorm ESP"]
[Date "2010.12.07"]
[Round "6.6"]
[White "Renteria, Jorge"]
[Black "Orndahl, Markus"]
[Result "1-0"]
[WhiteElo "2262"]
[BlackElo "2213"]
[PlyCount "44"]
[EventDate "2010.12.03"]
[EventType "tourn"]
[EventRounds "10"]
[EventCountry "ESP"]
[Source "lmi"]
[SourceDate "2010.12.03"]

1. e4 e6 2. d4 d5 3. Nc3 Nf6 4. e5 Nfd7 5. f4 c5 6. Nf3 Nc6 7. Be3 a6 8. Qd2 b5
9. Be2 g5 10. Nxg5 cxd4 11. Bxd4 Nxd4 12. Qxd4 Bc5 13. Qd2 h6 14. Nf3 Qb6 15.
Nd1 Rg8 16. g3 d4 17. Nf2 Bb7 18. Nd3 O-O-O 19. O-O-O Be7 20. Kb1 Kb8 21. Rhf1
Bc5 22. Nxc5 Nxc5 1-0